[Event "Zaragoza Province-ch Primera"]
[Site "Zaragoza"]
[Date "2015.11.01"]
[Round "5"]
[White "Navarro Sancho, Rafael"]
[Black "Fernandez Sierra, Pedro Jose"]
[Result "1/2-1/2"]
[WhiteElo "1732"]
[BlackElo "1653"]
[PlyCount "88"]
[EventDate "2015.09.27"]
[EventType "swiss"]
[EventRounds "6"]
[EventCountry "ESP"]
[SourceTitle "CBM 170 Extra"]
[Source "ChessBase"]
[SourceDate "2016.02.25"]
[SourceVersion "1"]
[SourceVersionDate "2016.02.25"]
[SourceQuality "1"]

1. e4 e6 2. d4 d5 3. Bd3 Nf6 4. Bg5 Be7 5. e5 Nfd7 6. Bxe7 Qxe7 7. Nf3 Qb4+ 8. Nbd2 Qxb2 9. 0-0 Qb4 10. Nb3 Qe7 11. c4 c6 12. Rc1 0-0 13. Qe2 a5 14. cxd5 exd5 15. Rfe1 Re8 16. h4 h6 17. Bb1 Nf8 18. g3 Bg4 19. Qd3 Nbd7 20. Nh2 Bh5 21. f4 f6 22. g4 Bf7 23. Nf3 fxe5 24. fxe5 Be6 25. g5 h5 26. Rf1 Bg4 27. Nh2 Qe6 28. Qe3 g6 29. Qg3 Be2 30. Rf2 Bb5 31. Bd3 Bxd3 32. Qxd3 a4 33. Nc5 Nxc5 34. Rxc5 Nh7 35. Rcc2 Rf8 36. Rb2 Rxf2 37. Rxf2 Rf8 38. Rxf8+ Nxf8 39. Qf3 Nd7 40. Qa3 b5 41. Nf3 Kf7 42. Qe3 Kg7 43. Kf2 Nb6 44. Qa3 Nd7 1/2-1/2

[Event "Zaragoza Province-ch Primera"]
[Site "Zaragoza"]
[Date "2015.10.04"]
[Round "2"]
[White "Valladolid Martin, Luis"]
[Black "Navarro Sancho, Rafael"]
[Result "0-1"]
[WhiteElo "1593"]
[BlackElo "1732"]
[PlyCount "72"]
[EventDate "2015.09.27"]
[EventType "swiss"]
[EventRounds "6"]
[EventCountry "ESP"]
[SourceTitle "CBM 170 Extra"]
[Source "ChessBase"]
[SourceDate "2016.02.25"]
[SourceVersion "1"]
[SourceVersionDate "2016.02.25"]
[SourceQuality "1"]

1. e4 g6 2. d4 Bg7 3. Nf3 d6 4. Bc4 Nf6 5. e5 dxe5 6. Nxe5 0-0 7. 0-0 Nbd7 8. Bf4 Nb6 9. Bb3 Bf5 10. Nc3 Rc8 11. Qd2 c5 12. Bh6 cxd4 13. Bxg7 Kxg7 14. Ne2 Qc7 15. f4 Rcd8 16. Rac1 Qc5 17. Kh1 Ne4 18. Qe1 f6 19. Nd3 Qd6 20. Ng3 Nxg3+ 21. Qxg3 Be4 22. h4 Bd5 23. Rf3 Bxb3 24. cxb3 Nd5 25. h5 Ne3 26. h6+ Kf7 27. Qh3 Qd7 28. Qh2 Qf5 29. Nf2 Rc8 30. Rg1 Rc2 31. g4 Qd5 32. Qg3 Rfc8 33. f5 g5 34. Re1 Rc1 35. Rxc1 Rxc1+ 36. Kh2 Nf1+ 0-1

[Event "Aragon-chT Preferente B"]
[Site "Aragon"]
[Date "2013.02.09"]
[Round "3.56"]
[White "Ciriano Lamban, Alejandro"]
[Black "Navarro Sancho, Rafael"]
[Result "0-1"]
[WhiteElo "1793"]
[BlackElo "1811"]
[PlyCount "56"]
[EventDate "2013.01.26"]
[EventType "team"]
[EventRounds "9"]
[EventCountry "ESP"]
[SourceTitle "EXT 2014"]
[Source "ChessBase"]
[SourceDate "2013.11.20"]
[SourceVersion "1"]
[SourceVersionDate "2013.11.20"]
[SourceQuality "1"]
[WhiteTeam "Marcos Frechin"]
[BlackTeam "Aragon ONCE II"]
[WhiteTeamCountry "ESP"]
[BlackTeamCountry "ESP"]

1. d4 Nf6 2. c4 c5 3. d5 b5 4. cxb5 a6 5. bxa6 g6 6. Nf3 Bg7 7. Nc3 Bxa6 8. g3 d6 9. Bg2 Nbd7 10. 0-0 0-0 11. Re1 Qa5 12. e4 Ng4 13. Bg5 Rfe8 14. Qc2 Rab8 15. Rac1 Nge5 16. Nxe5 Nxe5 17. Red1 c4 18. Qd2 Nd3 19. Rc2 Rxb2 20. Ne2 Qxa2 21. Rxb2 Qxb2 22. Qxb2 Bxb2 23. Nc1 Nxc1 24. Bxc1 c3 25. Bxb2 cxb2 26. e5 Rc8 27. exd6 exd6 28. Be4 Rc1 0-1

[Event "Aragon-chT Honor I"]
[Site "Spain"]
[Date "2011.03.12"]
[Round "6.12"]
[White "Navarro Sancho, Rafael"]
[Black "Martin Barbero, Roberto"]
[Result "1/2-1/2"]
[WhiteElo "1831"]
[BlackElo "2020"]
[PlyCount "119"]
[EventDate "2011.02.05"]
[EventType "team-tourn"]
[EventRounds "7"]
[EventCountry "ESP"]
[SourceTitle "EXT 2013"]
[Source "ChessBase"]
[SourceDate "2012.11.22"]
[SourceVersion "1"]
[SourceVersionDate "2012.11.22"]
[SourceQuality "1"]
[WhiteTeam "Aragon"]
[BlackTeam "Ramiro"]
[WhiteTeamCountry "ESP"]
[BlackTeamCountry "ESP"]

1. e4 d6 2. d4 Nf6 3. Nc3 g6 4. Be3 Bg7 5. f3 0-0 6. Qd2 e5 7. d5 c5 8. 0-0-0 b5 9. Bxb5 Ba6 10. g4 Bxb5 11. Nxb5 Qb6 12. Na3 Na6 13. Nc4 Qc7 14. h4 Rfb8 15. Qa5 Qb7 16. b3 Ne8 17. h5 Nac7 18. hxg6 fxg6 19. Nh3 Bf8 20. Ng5 Nf6 21. Rh2 Rd8 22. Rdh1 Rd7 23. a4 Re8 24. Qd2 Na8 25. Ne6 Nb6 26. Na5 Qa6 27. Bg5 Be7 28. Nc6 Nxa4 29. Qa5 Qxa5 30. Nxa5 Nc3 31. Nc6 Nfxd5 32. exd5 Bxg5+ 33. Nxg5 Nxd5 34. Nxh7 Kg7 35. Ng5 Nf6 36. Ne4 Rc8 37. g5 Nh5 38. Na5 d5 39. Ng3 c4 40. Nxh5+ gxh5 41. Rxh5 Kg6 42. bxc4 Rc5 43. Nb3 Rxc4 44. Rh6+ Kxg5 45. R1h5+ Kf4 46. Rh4+ Ke3 47. Rxc4 dxc4 48. Nc5 Rd5 49. Na4 Kxf3 50. Nc3 Rd7 51. Rh3+ Kf2 52. Rh2+ Kf3 53. Rh3+ Kf2 54. Rh2+ Kf3 55. Rh4 Rd4 56. Rxd4 exd4 57. Nb5 Ke3 58. Nxa7 d3 59. cxd3 cxd3 60. Kd1 1/2-1/2

[Event "Aragon-chT Honor I"]
[Site "Spain"]
[Date "2011.02.26"]
[Round "4.8"]
[White "Navarro Sancho, Rafael"]
[Black "Jaques Burguete, Raul"]
[Result "0-1"]
[WhiteElo "1831"]
[BlackElo "2027"]
[PlyCount "52"]
[EventDate "2011.02.05"]
[EventType "team-tourn"]
[EventRounds "7"]
[EventCountry "ESP"]
[SourceTitle "EXT 2013"]
[Source "ChessBase"]
[SourceDate "2012.11.22"]
[SourceVersion "1"]
[SourceVersionDate "2012.11.22"]
[SourceQuality "1"]
[WhiteTeam "Aragon"]
[BlackTeam "St Casablanca II"]
[WhiteTeamCountry "ESP"]
[BlackTeamCountry "ESP"]

1. e4 Nc6 2. Nc3 e5 3. f4 d6 4. Nf3 Bg4 5. Bb5 Nge7 6. h3 Bxf3 7. Qxf3 a6 8. Ba4 b5 9. Bb3 Nd4 10. Qf2 Nxb3 11. axb3 exf4 12. 0-0 g5 13. d4 Bg7 14. Ne2 Qd7 15. Qf3 0-0 16. Bd2 Ng6 17. Bc3 h6 18. Rae1 Rfe8 19. Nc1 Nh4 20. Qh5 f3 21. Rxf3 Nxf3+ 22. Qxf3 b4 23. Bxb4 Bxd4+ 24. Kh1 f5 25. Qd3 c5 26. Bc3 fxe4 0-1

[Event "Aragon-chT"]
[Site "Aragon"]
[Date "2008.02.02"]
[Round "1"]
[White "Navarro Sancho, Rafael"]
[Black "Vasilev, Vas"]
[Result "0-1"]
[WhiteElo "1963"]
[BlackElo "1925"]
[PlyCount "48"]
[EventDate "2008.02.02"]
[EventType "team-swiss"]
[EventRounds "12"]
[EventCountry "ESP"]
[SourceTitle "EXT 2011"]
[Source "ChessBase"]
[SourceDate "2010.11.26"]
[SourceVersion "1"]
[SourceVersionDate "2010.11.26"]
[SourceQuality "1"]

1. e4 g6 2. d4 d6 3. Nc3 c6 4. Be3 Nf6 5. Be2 b5 6. Bf3 b4 7. Nce2 Nbd7 8. Qd2 Qa5 9. Ng3 Bg7 10. N1e2 h5 11. h4 Rb8 12. 0-0 Nb6 13. b3 Ng4 14. a3 Nxe3 15. axb4 Nxf1 16. Rxf1 Nc4 17. bxc4 Qxb4 18. c3 Qxc4 19. Ra1 a6 20. Nf1 Bh6 21. Ne3 Bxe3 22. Qxe3 Bg4 23. e5 Bxf3 24. exd6 Qxe2 0-1

[Event "Aragon-chT Autonomico"]
[Site "Aragon"]
[Date "2007.01.27"]
[Round "1"]
[White "Navarro Sancho, Rafael"]
[Black "Moreno Gracia, Daniel"]
[Result "1-0"]
[WhiteElo "1961"]
[BlackElo "2122"]
[PlyCount "102"]
[EventDate "2007.01.27"]
[EventType "team"]
[EventRounds "9"]
[EventCountry "ESP"]
[SourceTitle "EXT 2008"]
[Source "ChessBase"]
[SourceDate "2007.11.25"]
[SourceVersion "1"]
[SourceVersionDate "2007.11.25"]
[SourceQuality "1"]
[WhiteTeam "Aragon"]
[BlackTeam "St Casablanca"]
[WhiteTeamCountry "ESP"]
[BlackTeamCountry "ESP"]

1. e4 e5 2. Nc3 Nf6 3. Nf3 Nc6 4. Bb5 Bd6 5. 0-0 0-0 6. d4 Nxd4 7. Nxd4 exd4 8. Qxd4 Qe7 9. Be3 Be5 10. Qd2 Qb4 11. Bd3 Qxb2 12. Ne2 Qa3 13. Bd4 d6 14. Bxe5 dxe5 15. Rfb1 b6 16. Qg5 Qe7 17. Re1 Re8 18. Ng3 Nd5 19. Qh5 Nf4 20. Qf3 Qf6 21. Ne2 Nh3+ 22. Kf1 Qxf3 23. gxf3 Ng5 24. Ng1 Bd7 25. Red1 Rad8 26. Bc4 Kf8 27. Ke2 Ne6 28. c3 Nf4+ 29. Ke3 Ba4 30. Bb3 Bxb3 31. axb3 b5 32. Rd2 Ng2+ 33. Ke2 Nf4+ 34. Ke3 Rxd2 35. Kxd2 Rd8+ 36. Kc2 Ra8 37. Ra6 Ke7 38. Rc6 Ne6 39. Ra6 Kd7 40. Ne2 Kc8 41. Ra1 Kb7 42. Rd1 Rd8 43. Rxd8 Nxd8 44. f4 exf4 45. Nxf4 Ne6 46. Nxe6 fxe6 47. f4 g6 48. h4 a5 49. Kd3 Kb6 50. Kd4 a4 51. b4 a3 1-0

[Event "CADAP MLP-02/2003 email"]
[Site "CADAP email"]
[Date "2004.??.??"]
[Round "?"]
[White "Pena Gomez, Enrique Duvan"]
[Black "Navarro Sancho, Rafael"]
[Result "1-0"]
[WhiteElo "2250"]
[BlackElo "2034"]
[PlyCount "29"]
[EventDate "2005.??.??"]
[EventType "tourn (corr)"]
[EventRounds "14"]
[EventCountry "ARG"]
[SourceTitle "Corr 2008"]
[Source "ChessBase"]
[SourceDate "2008.06.24"]
[SourceVersion "1"]
[SourceVersionDate "2008.06.24"]
[SourceQuality "1"]

1. e4 c5 2. Nf3 a6 3. c3 Nc6 4. d4 cxd4 5. cxd4 d6 6. Nc3 e6 7. Bc4 Be7 8. 0-0 Nf6 9. d5 Ne5 10. Nxe5 dxe5 11. dxe6 Bxe6 12. Bxe6 fxe6 13. Qb3 Qc8 14. Bg5 0-0 15. Rac1 1-0

[Event "CADAP MLP-02/2003 email"]
[Site "CADAP email"]
[Date "2003.07.01"]
[Round "?"]
[White "Navarro Sancho, Rafael"]
[Black "Ipinza Carmona, Marco"]
[Result "0-1"]
[WhiteElo "2034"]
[BlackElo "2000"]
[PlyCount "20"]
[EventDate "2005.??.??"]
[EventType "tourn (corr)"]
[EventRounds "14"]
[EventCountry "ARG"]
[SourceTitle "Corr 2008"]
[Source "ChessBase"]
[SourceDate "2008.06.24"]
[SourceVersion "1"]
[SourceVersionDate "2008.06.24"]
[SourceQuality "1"]

1. e4 c5 2. Nf3 d6 3. d4 cxd4 4. Nxd4 Nf6 5. Nc3 g6 6. Bc4 Bg7 7. 0-0 0-0 8. Re1 Nc6 9. Nb3 Bg4 10. Be2 Bxe2 0-1

[Event "CADAP MLP-02/2003 email"]
[Site "CADAP email"]
[Date "2003.07.01"]
[Round "?"]
[White "Navarro Sancho, Rafael"]
[Black "Yepez Gutierrez, Julian"]
[Result "0-1"]
[WhiteElo "2034"]
[BlackElo "2187"]
[PlyCount "34"]
[EventDate "2005.??.??"]
[EventType "tourn (corr)"]
[EventRounds "14"]
[EventCountry "ARG"]
[SourceTitle "Corr 2008"]
[Source "ChessBase"]
[SourceDate "2008.06.24"]
[SourceVersion "1"]
[SourceVersionDate "2008.06.24"]
[SourceQuality "1"]

1. e4 c5 2. Nf3 d6 3. d4 cxd4 4. Nxd4 Nf6 5. Nc3 a6 6. Be2 e5 7. Nb3 Be7 8. 0-0 0-0 9. Be3 Be6 10. Bf3 Nbd7 11. Qe2 Rc8 12. Rfd1 b5 13. a3 Qc7 14. Nd5 Bxd5 15. exd5 Qxc2 16. Qxc2 Rxc2 17. Rab1 Rfc8 0-1

[Event "CADAP MLP-02/2003 email"]
[Site "CADAP email"]
[Date "2003.??.??"]
[Round "?"]
[White "Campos Mosqueira, Juan Carlos"]
[Black "Navarro Sancho, Rafael"]
[Result "1-0"]
[WhiteElo "2000"]
[BlackElo "2034"]
[PlyCount "21"]
[EventDate "2005.??.??"]
[EventType "tourn (corr)"]
[EventRounds "14"]
[EventCountry "ARG"]
[SourceTitle "Corr 2008"]
[Source "ChessBase"]
[SourceDate "2008.06.24"]
[SourceVersion "1"]
[SourceVersionDate "2008.06.24"]
[SourceQuality "1"]

1. e4 c5 2. Nf3 a6 3. c3 d6 4. d4 cxd4 5. cxd4 e6 6. Nc3 Be7 7. Bd3 Nf6 8. 0-0 0-0 9. e5 dxe5 10. dxe5 Nd5 11. Nxd5 1-0